01073nam a2200241Ia 4500001000600000003000900006008004100015040001300056040001300069041001300082100001100095100002900106245004300135245004300178250001100221260002500232260001300257260004900270300005500319500040100374650002500775650003100800G3341IT-RoPAU130308s9999 xx 000 0 und d aIT-RoPAU cIT-RoPAU aITALIANO aAA.VV. gCodice Aut. SPICS: 12000 aTv Rai: un impegno da portare nel 2000 bTv Rai: un impegno da Portare nel 2000 a1a ed. aPADERNO DUGNANO (MI) bRai 2000 c2000 [1° Ed.:2000 - Ed.Ling.Originale:2000] a"56 p. (prefazione: no ; testo: 56 [pagine: 0-0])" a"Anno Auditel 1999 (Dal 3 Gennaio 1999 All'1 Gennaio 2000). Rai leader Negli Ascolti Televisivi 1999. Pubblico e Tv: 13 Anni di Ascolto (1987 1999). scelte del Pubblico nell'Intera Giornata, Rete per Rete. Incidenza dei Diversi Generi Sull'Intera Giornata. palinsesto delle reti Rai. Chi guarda la Tv. Un Anno di Informazione Rai. I programmi ""Piu'"" del 1999. top 100 Anno 1999 Rai e Mediaset." aINDUSTRIA TELEVISIVA eCodice materia Spics: 6956